Dos tratados históricos tocantes al Cardenal Ximenez de Cisneros / (Record no. 121582)

MARC details
000 -LEADER
campo de control de longitud fija 01337nam a2200289 i 4500
001 - NÚMERO DE CONTROL
campo de control 121582
003 - IDENTIFICADOR DE NÚMERO DE CONTROL
campo de control ES-MaACL
005 - FECHA Y HORA DE LA ÚLTIMA TRANSACCIÓN
campo de control 20251217101951.0
007 - CAMPO FIJO DE DESCRIPCIÓN FÍSICA--INFORMACIÓN GENERAL
campo de control de longitud fija t|
008 - DATOS DE LONGITUD FIJA--INFORMACIÓN GENERAL
campo de control de longitud fija 070214s1918 sp r ||||1| spa d
080 ## - NÚMERO DE LA CLASIFICACIÓN DECIMAL UNIVERSAL
Número de la Clasificación Decimal Universal 929 Jiménez de Cisneros, Francisco
100 1# - ENTRADA PRINCIPAL--NOMBRE DE PERSONA
Nombre de persona Porreño, Baltasar.
9 (RLIN) 93162
245 10 - MENCIÓN DEL TÍTULO
Título Dos tratados históricos tocantes al Cardenal Ximenez de Cisneros /
Mención de responsabilidad, etc. por el Licenciado Baltasar Porreño ; publícalos la Sociedad de Bibliófilos Españoles ; [edición e introducción de D. Jerónimo López de Ayala y del Hierro, conde de Cedillo].
260 ## - PUBLICACIÓN, DISTRIBUCIÓN, ETC.
Lugar de publicación, distribución, etc. Madrid :
Nombre del editor, distribuidor, etc. Sociedad de Bibliófilos Españoles,
Fecha de publicación, distribución, etc. 1918 (
Fabricante Imp. Ibérica E. Maestre)
300 ## - DESCRIPCIÓN FÍSICA
Extensión XLVIII, 456 p. ;
Dimensiones 24 cm.
490 1# - MENCIÓN DE SERIE
Mención de serie Sociedad de Bibliófilos Españoles ;
Designación de volumen o secuencia 41
530 ## - NOTA DISPONIBLE DE FORMULARIO FÍSICO ADICIONAL
Nota de formato físico adicional disponible Disponible en formato digital.
600 14 - PUNTO DE ACCESO ADICIONAL DE MATERIA--NOMBRE DE PERSONA
Nombre de persona Jiménez de Cisneros, Francisco,
Fechas asociadas al nombre 1436-1517
9 (RLIN) 66495
700 1# - ENTRADA AGREGADA--NOMBRE PERSONAL
Nombre de persona Cedillo, Jerónimo López de Ayala y Álvarez de Toledo,
Títulos y otros términos asociados al nombre Conde de,
Fechas asociadas al nombre 1862-1934
9 (RLIN) 37325
710 2# - ENTRADA AGREGADA--NOMBRE DE ENTIDAD CORPORATIVA
Nombre de entidad corporativa o nombre de jurisdicción como elemento de entrada Sociedad de Bibliófilos Españoles.
9 (RLIN) 6661
830 10 - PUNTO DE ACCESO ADICIONAL DE SERIE-TÍTULO UNIFORME
Título uniforme Sociedad de Bibliófilos Españoles
Designación de volumen o secuencia 41
9 (RLIN) 187662
852 4# - LOCALIZACIÓN
Ubicación ES-MaACL
Número de control de estantería A-300
Ubicación en estantería Sala Pecera Planta 1
852 4# - LOCALIZACIÓN
Ubicación ES-MaACL
Número de control de estantería J-7(41)
Ubicación en estantería Depósito 2
856 4# - LOCALIZACIÓN Y ACCESO ELECTRÓNICOS
Identificador Uniforme de Recursos <a href="http://bdh-rd.bne.es/viewer.vm?id=0000064965&page=1 ">http://bdh-rd.bne.es/viewer.vm?id=0000064965&page=1 </a>
Texto de enlace (Biblioteca Digital Hispánica)
942 ## - ELEMENTOS DE ENTRADA SECUNDARIOS (KOHA)
Fuente del sistema de clasificación o colocación Clasificación decimal universal
Holdings
Estatus retirado Estado de pérdida Estado de daño No para préstamo Colección Biblioteca de origen Biblioteca actual Ubicación en estantería Fecha de adquisición Fuente de adquisición Total de préstamos Signatura topográfica completa Código de barras Visto por última vez Precio de reemplazo Tipo de ítem Koha
        Colección digital Biblioteca del Ateneo de Madrid Biblioteca del Ateneo de Madrid Depósito 2 25/02/2013     J-7(41) 1190856 23/02/2023 23/02/2023 Libro impreso
        Colección digital Biblioteca del Ateneo de Madrid Biblioteca del Ateneo de Madrid Sala Pecera Planta 1 17/01/2008     A-300 1126705 23/02/2023 23/02/2023 Libro impreso